15 krajów o największej liczbie zgonów Covid19 - 3 listopada 2021 - Statystyki

Ogólne statystyki
  • Ten quiz został rozwiązany 36 razy
  • Średni wynik to 9 z 25
Statystyki odpowiedzi
kraj % Poprawnych
Stany Zjednoczone
94%
Niemcy
81%
Rosja
81%
Włochy
72%
Indie
69%
Francja
66%
Meksyk
63%
Brazylia
56%
Wielka Brytania
53%
Argentyna
41%
Iran
34%
Republika Południowej Afryki
34%
Czechy
28%
Kolumbia
28%
Peru
22%
Indonezja
19%
Węgry
19%
Rumunia
16%
Słowacja
16%
Chorwacja
9%
Gruzja
9%
Słowenia
9%
Bośnia i Hercegowina
6%
Bułgaria
6%
Macedonia Północna
3%
Nie znaleziono quizów pasujących do podanych kryteriów
Rozkład punktacji
Procent ludzi z każdym wynikiem
Percentyl według liczby udzielonych odpowiedzi
Twoja historia wyników
Nie rozwiązałeś tego quizu